Introduction to robotics : (Record no. 189262)
[ view plain ]
| 000 -LEADER | |
|---|---|
| fixed length control field | 01052 a2200217 4500 |
| 003 - CONTROL NUMBER IDENTIFIER | |
| control field | Nust |
| 005 - DATE AND TIME OF LATEST TRANSACTION | |
| control field | 20230103093409.0 |
| 010 ## - LIBRARY OF CONGRESS CONTROL NUMBER | |
| LC control number | 2010024723 |
| 020 ## - INTERNATIONAL STANDARD BOOK NUMBER | |
| International Standard Book Number | 9780470604465 (hbk. : alk. paper) |
| 040 ## - CATALOGING SOURCE | |
| Transcribing agency | Nust |
| 082 00 - DEWEY DECIMAL CLASSIFICATION NUMBER | |
| Classification number | 629.892,NIK |
| 100 1# - MAIN ENTRY--PERSONAL NAME | |
| Personal name | Niku, Saeed B. |
| 9 (RLIN) | 13068 |
| 245 10 - TITLE STATEMENT | |
| Title | Introduction to robotics : |
| Remainder of title | analysis, control, applications / |
| Statement of responsibility, etc. | Saeed Benjamin Niku. |
| 250 ## - EDITION STATEMENT | |
| Edition statement | 2nd ed. |
| 260 ## - PUBLICATION, DISTRIBUTION, ETC. | |
| Place of publication, distribution, etc. | Hoboken, N.J : |
| Name of publisher, distributor, etc. | Wiley, |
| Date of publication, distribution, etc. | c2011. |
| 300 ## - PHYSICAL DESCRIPTION | |
| Extent | xiv, 466 p. : |
| Other physical details | ill. ; |
| Dimensions | 25 cm. |
| 505 ## - FORMATTED CONTENTS NOTE | |
| Formatted contents note | Fundamentals (Page-1), Kinematics of Robots: Position Analysis (Page-33), Differential Motions and Velocities (Page-114), Dynamic Analysis and Forces (Page-147), Trajectory Planning (Page-178), Motion Control Systems (Page-203), Actuators and Drive Systems (Page-266), Sensors (Page-319), Image Processing and Analysis with Vision Systems (Page-350), Fuzzy Logic Control (Page-423). |
| 650 #0 - SUBJECT ADDED ENTRY--TOPICAL TERM | |
| Topical term or geographic name entry element | Telecommunication Engineering |
| 856 42 - ELECTRONIC LOCATION AND ACCESS | |
| Materials specified | Cover image |
| Uniform Resource Identifier | <a href="http://catalogimages.wiley.com/images/db/jimages/9780470604465.jpg">http://catalogimages.wiley.com/images/db/jimages/9780470604465.jpg</a> |
| 942 ## - ADDED ENTRY ELEMENTS (KOHA) | |
| Source of classification or shelving scheme | |
| Koha item type | Book |
| Withdrawn status | Lost status | Source of classification or shelving scheme | Damaged status | Not for loan | Permanent Location | Current Location | Shelving location | Date acquired | Full call number | Barcode | Date last seen | Price effective from | Koha item type | Public note |
|---|---|---|---|---|---|---|---|---|---|---|---|---|---|---|
| Military College of Signals (MCS) | Military College of Signals (MCS) | General Stacks | 12/12/2016 | 629.892,NIK | MCS35048 | 12/08/2016 | 12/12/2016 | Book | Almirah No.42, Shelf No.1 |
